Les codes français collationnés sur le nouveau texte officiel précédes de la charte constitutionnelle

Guardat en:
Dades bibliogràfiques
Format: Llibre
Idioma:espanyol
Publicat: París Ladrange 1835
Matèries:
Etiquetes: Afegir etiqueta
Sense etiquetes, Sigues el primer a etiquetar aquest registre!

MARC

LEADER 00000nam a2200000 a 4500
001 UCR3929
003 CL-VaPUC
008 980130e18350000FR |||||||||||||||||spa|d
082 0 4 |a 348.44  |b COD  |2 21 
245 1 4 |a Les codes français collationnés sur le nouveau texte officiel précédes de la charte constitutionnelle 
300 |a 742 p 
942 |c BK 
945 |d 19980130 00:00:00  |a aolguin 
260 |a París  |b Ladrange  |c 1835 
650 0 |a Códigos  |9 352314 
650 7 |a CARTA CONSTITUCIONAL  |2 CL-VaPUC  |9 403398 
650 0 |a Derecho administrativo  |9 254851 
650 0 |a Derecho civil  |9 255013 
650 7 |a DERECHO MUNICIPAL  |2 CL-VaPUC  |9 257568 
650 7 |a PRGANIZACION POLITICA  |2 CL-VaPUC  |9 403399 
650 7 |a ORGANIZACION JURIDICA  |2 CL-VaPUC  |9 403400 
650 0 |a Poder judicial  |9 254871 
650 0 |a Derecho electoral  |9 391229 
651 0 |a Francia  |9 255157 
583 |a last modification  |c 19980130 00:00:00  |k Rodrigo Vera 
999 |c 266946  |d 266944 
952 |0 0  |1 0  |4 0  |6 348_440000000000000_COD_1835  |7 0  |8 X  |9 298999  |a BIBDER  |b BIBDER  |d 2019-11-20  |i 1952404  |o 348.44 COD 1835  |p 1952404  |r 2023-01-25  |w 2019-11-20  |y BK_X  |k DER